¡Ya lo sabemos! ¿pasamos a otra cosa? La estructura corporal en niños de 3 años, un contenido superado al inicio del segundo ciclo de educación infantil (Record no. 180413)
[ view plain ]
| 000 -CABECERA | |
|---|---|
| campo de control de longitud fija | 01908nab a2200313 a 4500 |
| 005 - FECHA Y HORA DE LA ÚLTIMA TRANSACCIÓN | |
| campo de control | 20260108064007.0 |
| 008 - ELEMENTOS DE LONGITUD FIJA--INFORMACIÓN GENERAL | |
| campo de control de longitud fija | 991125c2015 sp fr p o 000 0 spa d |
| 035 ## - NÚMERO DE CONTROL DEL SISTEMA | |
| Número de control de sistema | UPN01000208312 |
| 040 ## - FUENTE DE LA CATALOGACIÓN | |
| Centro catalogador/agencia de origen | MX-MxUPN |
| Lengua de catalogación | spa |
| Centro/agencia transcriptor | MX-MxUPN |
| Normas de descripción | aacr2 |
| 049 ## - COLECCIÓN | |
| Colección | ART-E |
| 100 1# - ASIENTO PRINCIPAL--NOMBRE PERSONAL | |
| Nombre de persona | Hidalgo Rodríguez, María del Carmen |
| 100 1# - ASIENTO PRINCIPAL--NOMBRE PERSONAL | |
| Filiación | hidalgor@ugr.es |
| 100 1# - ASIENTO PRINCIPAL--NOMBRE PERSONAL | |
| Nombre de persona | Ruiz Almagro, Isabel |
| 100 1# - ASIENTO PRINCIPAL--NOMBRE PERSONAL | |
| Nombre de persona | Berlanga Macías, Marta |
| 100 1# - ASIENTO PRINCIPAL--NOMBRE PERSONAL | |
| Nombre de persona | Hidalgo Navarrete, José |
| 245 10 - MENCIÓN DE TÍTULO | |
| Título | ¡Ya lo sabemos! ¿pasamos a otra cosa? La estructura corporal en niños de 3 años, un contenido superado al inicio del segundo ciclo de educación infantil |
| 506 0# - NOTA DE RESTRICCIONES AL ACCESO | |
| Limitaciones de acceso | Acceso abierto |
| 520 3# - NOTA DE RESUMEN, ETC. | |
| Sumario, etc. | El presente artículo consiste en una investigación realizada en dos colegios rurales de la provincia de Jaén, concretamente, en el segundo ciclo de educación infantil. A través de varias técnicas e instrumentos diversos, hemos comprobado las ideas previas que los niños poseen acerca de la estructura corporal; después, sobre estos datos, se ha elaborado una reflexión sobre dicho tema, teniendo en cuenta las directrices que la legislación actual recoge sobre este asunto. De esta forma y poniendo en evidencia que, a su llegada al centro, los alumnos ya poseen l os conocimientos y el nivel establecido por la legislación vigente, esto obliga a docentes y profesionales de la enseñanza a profundizar acerca de este tema, más allá de los objetivos marcados por las leyes actuales. |
| 650 #4 - ASIENTO SECUNDARIO DE MATERIA - TERMINO TEMATICO | |
| Término de materia o nombre geográfico como elemento de entrada | Libros de texto |
| 9 (RLIN) | 4427 |
| 650 #4 - ASIENTO SECUNDARIO DE MATERIA - TERMINO TEMATICO | |
| Término de materia o nombre geográfico como elemento de entrada | Teorías de la educación |
| 9 (RLIN) | 5007 |
| 653 0# - TERMINO DE INDIZACION - NO CONTROLADO | |
| Término no controlado | Estructura corporal |
| 653 0# - TERMINO DE INDIZACION - NO CONTROLADO | |
| Término no controlado | Educación infantil |
| 653 0# - TERMINO DE INDIZACION - NO CONTROLADO | |
| Término no controlado | Didáctica de la lengua |
| 773 ## - ENLACE AL DOCUMENTO FUENTE/ENTRADA DE REGISTRO ANFITRIÓN | |
| Parte(s) relacionada(s) | Vol. 17, no. 1 (2015), p. 239-259 |
| Título | Aula de encuentro |
| Número Internacional Normalizado para Publicaciones Seriadas | 2341-4847 |
| 856 4# - LOCALIZACIÓN Y ACCESO ELECTRÓNICOS | |
| Identificador Uniforme del Recurso | <a href="https://revistaselectronicas.ujaen.es/index.php/ADE/issue/view/212">https://revistaselectronicas.ujaen.es/index.php/ADE/issue/view/212</a> |
| 902 ## - ELEMENTOS DE DATOS B LOCAL, LDB (RLIN) | |
| Creó | Gloria Jiménez/040925 |
| 905 ## - TIPO DE MATERIAL | |
| Tipo de material | Articulo |
| 942 ## - ELEMENTOS DE PUNTO DE ACCESO ADICIONAL (KOHA) | |
| Tipo de ítem Koha | Artículo Electrónico |
| Estado de retiro | Estado de pérdida | Estado dañado | No para préstamo | Código de colección | Localización permanente | Ubicación/localización actual | Ubicación en estantería | Fecha de adquisición | Total de préstamos | Fecha visto por última vez | Identificador Uniforme del Recurso | Precio válido a partir de | Tipo de ítem Koha |
|---|---|---|---|---|---|---|---|---|---|---|---|---|---|
| Acceso abierto | Bib. Gregorio Torres Quintero | Bib. Gregorio Torres Quintero | En línea | 04/09/2025 | 04/09/2025 | https://revistaselectronicas.ujaen.es/index.php/ADE/issue/view/212 | 04/09/2025 | Artículo Electrónico |
